000 00612nam a22002297a 4500
003 UA-OsUOA
001 47927
007 ta
008 20070823b un ||||| |||| 00| 0 ukr d
100 _aБурбела В. А.
090 _a82
_bБ91
942 _cBK
040 _aUA-OsUOA
_bukr
_cUA-OsUOA
_dUA-OsUOA
245 _aЛітература реального гуманізму
300 _a184 с.
955 _a1
041 _aukr
080 _a82
260 _aК.
_bНаукова думка
_c1982
650 7 _a82 Література. Літературознавство
_2UDC
999 _c334031
_d334031